Guineus: contos, narrativas, cronicas. (Record no. 196519)
[ view plain ]
| 000 -LEADER | |
|---|---|
| fixed length control field | 00623cam9a220019300 4500 |
| 001 - CONTROL NUMBER | |
| control field | qcf00175128 |
| 005 - DATE AND TIME OF LATEST TRANSACTION | |
| control field | 20190830120908.0 |
| 008 - FIXED-LENGTH DATA ELEMENTS--GENERAL INFORMATION | |
| fixed length control field | 750122s1962 po por u |
| 035 ## - SYSTEM CONTROL NUMBER | |
| System control number | (Sirsi) r29157 |
| 035 ## - SYSTEM CONTROL NUMBER | |
| System control number | (QCAT)lss00726433 |
| 035 ## - SYSTEM CONTROL NUMBER | |
| System control number | (UPRA)qcf00175128 |
| 040 ## - CATALOGING SOURCE | |
| Modifying agency | UPRA |
| 100 1# - MAIN ENTRY--PERSONAL NAME | |
| Personal name | Barbosa, Alexandre. |
| Linkage | A93481.1 |
| 245 10 - TITLE STATEMENT | |
| Title | Guineus: contos, narrativas, cronicas. |
| 260 ## - PUBLICATION, DISTRIBUTION, ETC. | |
| Place of publication, distribution, etc. | Lisboa : |
| Name of publisher, distributor, etc. | Edic~ao do Autor, |
| Date of publication, distribution, etc. | 1962. |
| 651 #0 - SUBJECT ADDED ENTRY--GEOGRAPHIC NAME | |
| Geographic name | Guinea-Bissau -- Social life and customs. |
| General subdivision | Guinea-Bissau -- Social life and customs. |
| Linkage | S67017.1 |
| 949 ## - LOCAL PROCESSING INFORMATION (OCLC) | |
| a | DT613.4 |
| w | lcc |
| i | -31827 |
| m | MAIN |
| t | BOOK |
| l | ON-SHELF |
No items available.